Good Kid Discography - Statistics

General Stats
  • This quiz has been taken 31 times
    15 since last reset
  • The average score is 23 of 34
Answer Stats
Hint Answer % Correct
Can We Hang Out Sometime? Cicada
90%
Good Kid Atlas
80%
Can We Hang Out Sometime? Eastside
80%
Good Kid 3 First Rate Town
80%
Good Kid 3 Mimi's Delivery Service
80%
Good Kid 3 Osmosis
80%
Good Kid 4 Summer
80%
Good Kid Witches
80%
Good Kid 2 Aloe Lite
70%
Good Kid 4 Break
70%
Good Kid 4 Bubbly
70%
Good Kid 2 Down with the King
70%
Good Kid 4 From the Start
70%
Can We Hang Out Sometime? Ginger Lemonade
70%
Good Kid Nomu
70%
Good Kid 2 Pox
70%
Good Kid 4 Premier Inn
70%
Good Kid 2 Slingshot
70%
Can We Hang Out Sometime? Tea Leaves
70%
Good Kid Tell Me You Know
70%
Can We Hang Out Sometime? Tornado
70%
Can We Hang Out Sometime? Wall
70%
Good Kid Alchemist
60%
Can We Hang Out Sometime? Coffee
60%
Good Kid 2 Everything Everything
60%
Good Kid Faster
60%
Can We Hang Out Sometime? Ghost Keeper
60%
Good Kid 3 Orbit
60%
Can We Hang Out Sometime? Rift
60%
Can We Hang Out Sometime? Alone With Me
50%
Good Kid 4 Dance Class
50%
Good Kid 2 Drifting
50%
Good Kid 3 Madeleine
50%
Good Kid 3 No Time to Explain
50%
No matching quizzes found
Score Distribution
Percent of People with Each Score
Percentile by Number Answered
Your Score History
You have not taken this quiz since the last reset